[Event "CFriend RI-2005-0-00043 email"]
[Site "Chessfriend.com"]
[Date "2005.10.31"]
[Round "1"]
[White "Pljusnin, Victor"]
[Black "Starace, Umberto"]
[Result "1/2-1/2"]
[WhiteElo "1751"]
[BlackElo "1960"]
[PlyCount "35"]
[EventDate "2005.10.31"]
[EventType "tourn (corr)"]
[EventRounds "6"]
[SourceTitle "Corr 2008"]
[Source "ChessBase"]
[SourceDate "2008.06.24"]
[SourceVersion "1"]
[SourceVersionDate "2008.06.24"]
[SourceQuality "1"]

1. e4 c5 2. Nf3 d6 3. d4 cxd4 4. Nxd4 Nf6 5. Nc3 g6 6. Be2 Nc6 7. Be3 Bg7 8. 0-0 0-0 9. Nb3 a5 10. a4 Be6 11. Nd4 Nxd4 12. Bxd4 Rc8 13. f3 Nd7 14. Bxg7 Kxg7 15. Qd4+ f6 16. f4 Qb6 17. Qxb6 Nxb6 18. Rfe1 1/2-1/2

[Event "CFriend RI-2005-0-00041 email"]
[Site "Chessfriend.com"]
[Date "2005.09.30"]
[Round "1"]
[White "Pljusnin, Victor"]
[Black "Malmstroem, Jan"]
[Result "1/2-1/2"]
[WhiteElo "1751"]
[BlackElo "1915"]
[PlyCount "62"]
[EventDate "2005.09.30"]
[EventType "tourn (corr)"]
[EventRounds "6"]
[SourceTitle "Corr 2008"]
[Source "ChessBase"]
[SourceDate "2008.06.24"]
[SourceVersion "1"]
[SourceVersionDate "2008.06.24"]
[SourceQuality "1"]

1. e4 e5 2. Nf3 Nc6 3. Bc4 Bc5 4. c3 Nf6 5. d4 exd4 6. cxd4 Bb4+ 7. Bd2 Bxd2+ 8. Nbxd2 d5 9. exd5 Nxd5 10. Qb3 Na5 11. Qa4+ Nc6 12. Qb3 Nce7 13. 0-0 0-0 14. Rfe1 c6 15. Ne5 Qb6 16. Qxb6 Nxb6 17. Bb3 Ned5 18. Ne4 a5 19. a4 Rd8 20. f3 Bf5 21. Nc5 Rab8 22. g4 Bc8 23. Re4 f6 24. Ned3 f5 25. gxf5 Bxf5 26. Nf4 Kh8 27. Nfe6 Re8 28. Re5 Bxe6 29. Nxe6 Nd7 30. Re4 N7f6 31. Re5 Nd7 1/2-1/2

[Event "IECC Swiss email"]
[Site "IECC email"]
[Date "2000.04.21"]
[Round "?"]
[White "Pljusnin, Victor"]
[Black "Vio, Mauro"]
[Result "1-0"]
[WhiteElo "1719"]
[BlackElo "1189"]
[PlyCount "35"]
[EventDate "2000.??.??"]
[EventType "tourn (corr)"]
[EventRounds "6"]
[SourceTitle "Corr 2008"]
[Source "ChessBase"]
[SourceDate "2008.06.24"]
[SourceVersion "1"]
[SourceVersionDate "2008.06.24"]
[SourceQuality "1"]

1. e4 e5 2. f4 exf4 3. Nf3 Nf6 4. e5 Nd5 5. c4 Ne7 6. d4 Ng6 7. h4 Bb4+ 8. Bd2 a5 9. h5 Ne7 10. h6 gxh6 11. Qa4 Bxd2+ 12. Nbxd2 Nf5 13. Bd3 Ne3 14. Rxh6 Nxg2+ 15. Kf2 Ne3 16. Rg1 f5 17. exf6 Ra6 18. Qb5 1-0

[Event "IECG C1.2000.0.00270"]
[Site "IECG email"]
[Date "2000.03.28"]
[Round "?"]
[White "Pljusnin, Victor"]
[Black "Van Seben, Edgar"]
[Result "0-1"]
[WhiteElo "1857"]
[BlackElo "1804"]
[PlyCount "64"]
[EventDate "2000.03.28"]
[EventType "tourn (corr)"]
[EventRounds "6"]
[SourceTitle "Corr 2008"]
[Source "ChessBase"]
[SourceDate "2008.06.24"]
[SourceVersion "1"]
[SourceVersionDate "2008.06.24"]
[SourceQuality "1"]

1. e4 Nf6 2. e5 Nd5 3. d4 d6 4. c4 Nb6 5. f4 dxe5 6. fxe5 Nc6 7. Be3 Bf5 8. Nc3 e6 9. Nf3 Bg4 10. Be2 Bxf3 11. gxf3 Qd7 12. Rg1 0-0-0 13. Rg4 h5 14. Re4 f5 15. exf6 gxf6 16. c5 Nd5 17. Nxd5 exd5 18. Rh4 Re8 19. Qd2 Ne7 20. Bd3 f5 21. Kf2 Ng6 22. Rh3 f4 23. Bxf4 Qxh3 24. Bxg6 Bh6 25. Bxe8 Rxe8 26. Re1 Rg8 27. Bxh6 Rg2+ 28. Ke3 Rxd2 29. Kxd2 Qxh2+ 30. Kc3 Qg3 31. Re8+ Kd7 32. Rf8 h4 0-1

[Event "IECC KO email"]
[Site "IECC email"]
[Date "2000.03.22"]
[Round "?"]
[White "Graff, John V"]
[Black "Pljusnin, Victor"]
[Result "1-0"]
[WhiteElo "1810"]
[BlackElo "1690"]
[PlyCount "51"]
[EventDate "2000.??.??"]
[EventType "tourn (corr)"]
[EventRounds "6"]
[SourceTitle "Corr 2008"]
[Source "ChessBase"]
[SourceDate "2008.06.24"]
[SourceVersion "1"]
[SourceVersionDate "2008.06.24"]
[SourceQuality "1"]

1. a3 e5 2. e3 d5 3. d4 Nc6 4. Bb5 e4 5. c4 a6 6. Bxc6+ bxc6 7. Ne2 Qg5 8. Ng3 h5 9. h4 Qg6 10. Nc3 Bd6 11. cxd5 cxd5 12. Nxd5 Bxg3 13. fxg3 Qxg3+ 14. Kf1 Qd6 15. Nf4 Bg4 16. Qc2 Nf6 17. Bd2 Kd7 18. Rc1 Rhc8 19. Qc4 Be6 20. Qa4+ c6 21. Bb4 Qc7 22. Rc5 Ba2 23. d5 Qb6 24. Ke2 a5 25. dxc6+ Ke8 26. c7+ 1-0

[Event "IECC TH-T email"]
[Site "IECC email"]
[Date "2000.01.27"]
[Round "?"]
[White "Benyovszki, Pal"]
[Black "Pljusnin, Victor"]
[Result "0-1"]
[WhiteElo "1632"]
[BlackElo "1746"]
[PlyCount "36"]
[EventDate "2000.??.??"]
[EventType "match (corr)"]
[EventRounds "2"]
[SourceTitle "Corr 2008"]
[Source "ChessBase"]
[SourceDate "2008.06.24"]
[SourceVersion "1"]
[SourceVersionDate "2008.06.24"]
[SourceQuality "1"]

1. e4 e5 2. f4 exf4 3. Nf3 g5 4. Bc4 g4 5. 0-0 gxf3 6. Qxf3 Qf6 7. c3 Nc6 8. d4 Nxd4 9. Bxf7+ Qxf7 10. cxd4 Bg7 11. Qd3 d5 12. e5 Ne7 13. Rxf4 Qg6 14. Qe2 Bf5 15. Nc3 0-0-0 16. Be3 Rhg8 17. b4 Bh6 18. Rf2 Bd3 0-1

[Event "IECC TH-T email"]
[Site "IECC email"]
[Date "2000.01.27"]
[Round "?"]
[White "Newton, Hobart E"]
[Black "Pljusnin, Victor"]
[Result "1-0"]
[WhiteElo "1882"]
[BlackElo "1664"]
[PlyCount "63"]
[EventDate "2000.??.??"]
[EventType "match (corr)"]
[EventRounds "2"]
[SourceTitle "Corr 2008"]
[Source "ChessBase"]
[SourceDate "2008.06.24"]
[SourceVersion "1"]
[SourceVersionDate "2008.06.24"]
[SourceQuality "1"]

1. e4 e5 2. Nf3 Nc6 3. Bb5 a6 4. Ba4 f5 5. d3 fxe4 6. dxe4 Nf6 7. 0-0 d6 8. Nc3 Bg4 9. h3 Bh5 10. Qd3 Bxf3 11. Qxf3 Be7 12. Nd5 b5 13. Nxf6+ Bxf6 14. Bb3 Nd4 15. Qd3 Nxb3 16. Qxb3 Qd7 17. a4 Rb8 18. axb5 axb5 19. Ra7 Ke7 20. Qd5 Rhc8 21. Be3 Qe6 22. Qd2 Ra8 23. Rfa1 Rxa7 24. Rxa7 Qc4 25. f3 Qc6 26. Qe2 Bh4 27. g3 Bxg3 28. Qg2 Bf4 29. Qxg7+ Ke6 30. Bxf4 Qc5+ 31. Kh1 exf4 32. Qh6+ 1-0

[Event "IECC TH-T email"]
[Site "IECC email"]
[Date "2000.01.27"]
[Round "?"]
[White "Pljusnin, Victor"]
[Black "Benyovszki, Pal"]
[Result "1-0"]
[WhiteElo "1768"]
[BlackElo "1659"]
[PlyCount "33"]
[EventDate "2000.??.??"]
[EventType "match (corr)"]
[EventRounds "2"]
[SourceTitle "Corr 2008"]
[Source "ChessBase"]
[SourceDate "2008.06.24"]
[SourceVersion "1"]
[SourceVersionDate "2008.06.24"]
[SourceQuality "1"]

1. e4 e5 2. f4 exf4 3. Nf3 g5 4. Bc4 g4 5. 0-0 gxf3 6. Qxf3 Qf6 7. e5 Qxe5 8. d3 Bh6 9. Nc3 Ne7 10. Bd2 Nbc6 11. Rae1 Qf5 12. Nd5 Kd8 13. Qe2 Qe6 14. Nxe7 Qxe7 15. Bc3 Rf8 16. Qxe7+ Nxe7 17. Bf6 1-0

[Event "IECG WC.2003.P.00011 email"]
[Site "IECG email"]
[Date "2000.??.??"]
[Round "?"]
[White "Pljusnin, Victor"]
[Black "Harding, Simon"]
[Result "1-0"]
[WhiteElo "1845"]
[BlackElo "1794"]
[PlyCount "29"]
[EventDate "2000.01.26"]
[EventType "tourn (corr)"]
[EventRounds "10"]
[SourceTitle "Corr 2008"]
[Source "ChessBase"]
[SourceDate "2008.06.24"]
[SourceVersion "1"]
[SourceVersionDate "2008.06.24"]
[SourceQuality "1"]

1. e4 c5 2. d4 cxd4 3. c3 dxc3 4. Nxc3 Nc6 5. Nf3 d6 6. Bc4 a6 7. 0-0 Nf6 8. Bg5 e6 9. Qe2 h6 10. Bf4 b5 11. Bb3 g5 12. Be3 Bb7 13. Bc2 Bg7 14. Rad1 Qc7 15. Rc1 1-0

[Event "IECG WC.2003.P.00011 email"]
[Site "IECG email"]
[Date "2000.??.??"]
[Round "?"]
[White "Weggen, Rick HM"]
[Black "Pljusnin, Victor"]
[Result "1-0"]
[WhiteElo "1690"]
[BlackElo "1845"]
[PlyCount "88"]
[EventDate "2000.01.26"]
[EventType "tourn (corr)"]
[EventRounds "10"]
[SourceTitle "Corr 2008"]
[Source "ChessBase"]
[SourceDate "2008.06.24"]
[SourceVersion "1"]
[SourceVersionDate "2008.06.24"]
[SourceQuality "1"]

1. d4 Nf6 2. Nf3 d5 3. Bg5 e6 4. e3 Be7 5. c3 c6 6. Bd3 0-0 7. 0-0 h6 8. Bh4 Nbd7 9. Nbd2 c5 10. Ne5 c4 11. Bc2 Qc7 12. f4 Re8 13. Qe2 b5 14. a4 b4 15. Nxd7 Bxd7 16. cxb4 Rab8 17. b5 a6 18. Nf3 axb5 19. Ne5 b4 20. g4 b3 21. Bb1 Bc6 22. g5 Nd7 23. Qh5 Nxe5 24. fxe5 Rf8 25. gxh6 g6 26. h7+ Kh8 27. Bxe7 Qxe7 28. Qh6 Rfc8 29. a5 c3 30. bxc3 Bb5 31. Rf2 Rxc3 32. Kg2 Ba6 33. Rb2 Rc1 34. h3 Qc7 35. Qh4 Rf1 36. Rf2 b2 37. Bxg6 Rxf2+ 38. Qxf2 fxg6 39. Rb1 Qb7 40. Qc2 Kxh7 41. Kh2 Bc4 42. Qf2 Bd3 43. a6 Bxa6 44. Qc2 Bc4 1-0

[Event "IECC Swiss email"]
[Site "IECC email"]
[Date "1999.12.17"]
[Round "?"]
[White "Pljusnin, Victor"]
[Black "Helbig, Andreas"]
[Result "0-1"]
[WhiteElo "1546"]
[BlackElo "1717"]
[PlyCount "80"]
[EventDate "1999.??.??"]
[EventType "tourn (corr)"]
[EventRounds "6"]
[SourceTitle "Corr 2008"]
[Source "ChessBase"]
[SourceDate "2008.06.24"]
[SourceVersion "1"]
[SourceVersionDate "2008.06.24"]
[SourceQuality "1"]

1. e4 c6 2. d4 d5 3. exd5 cxd5 4. c4 Nf6 5. Nc3 e6 6. Nf3 Bb4 7. cxd5 exd5 8. Be2 Ne4 9. Qb3 Qa5 10. Bd2 Nxd2 11. Kxd2 0-0 12. a3 Bxc3+ 13. Qxc3 Qb6 14. Rac1 Nc6 15. Rhd1 Bg4 16. Ke1 Rfe8 17. Kf1 Rac8 18. Qd2 Re4 19. Rc3 Rce8 20. Re3 Rd8 21. Bd3 f5 22. Bxe4 dxe4 23. Qe1 Bh5 24. d5 exf3 25. gxf3 Nd4 26. Qc3 Nb5 27. Qb4 Bf7 28. Red3 a5 29. Qh4 Rc8 30. Kg1 Qd6 31. Qa4 Nc7 32. Qxa5 Rd8 33. f4 Bxd5 34. f3 Rd7 35. Qd2 Qg6+ 36. Kf2 Qh5 37. Kg1 Rd6 38. Qf2 Qg6+ 39. Kh1 Qh6 40. Rc1 Bc6 0-1

[Event "IECC KO email"]
[Site "IECC email"]
[Date "1999.12.13"]
[Round "?"]
[White "Richard, Andy"]
[Black "Pljusnin, Victor"]
[Result "0-1"]
[WhiteElo "1220"]
[BlackElo "1836"]
[PlyCount "41"]
[EventDate "1999.??.??"]
[EventType "tourn (corr)"]
[EventRounds "6"]
[SourceTitle "Corr 2008"]
[Source "ChessBase"]
[SourceDate "2008.06.24"]
[SourceVersion "1"]
[SourceVersionDate "2008.06.24"]
[SourceQuality "1"]

1. d4 d5 2. c4 Nc6 3. Nf3 Bg4 4. cxd5 Bxf3 5. gxf3 Qxd5 6. e3 e5 7. Nc3 Bb4 8. Bd2 Bxc3 9. bxc3 exd4 10. cxd4 Nge7 11. Bg2 0-0 12. 0-0 Qc4 13. Qc1 Qe6 14. Qc5 Rfd8 15. Rfc1 Rd5 16. Qc2 Rg5 17. f4 Rg6 18. Kh1 Qg4 19. Rg1 Rh6 20. Bxc6 Qh3 21. Rg2 0-1

[Event "IECC Swiss email"]
[Site "IECC email"]
[Date "1999.11.24"]
[Round "?"]
[White "Arnold, Lee"]
[Black "Pljusnin, Victor"]
[Result "1-0"]
[WhiteElo "1795"]
[BlackElo "1594"]
[PlyCount "95"]
[EventDate "1999.??.??"]
[EventType "tourn (corr)"]
[EventRounds "6"]
[SourceTitle "Corr 2008"]
[Source "ChessBase"]
[SourceDate "2008.06.24"]
[SourceVersion "1"]
[SourceVersionDate "2008.06.24"]
[SourceQuality "1"]

1. d4 d5 2. e3 Nf6 3. Nf3 e6 4. Bd3 Bd6 5. 0-0 0-0 6. b3 c5 7. c4 cxd4 8. exd4 Nc6 9. Re1 Bd7 10. Nc3 Bb4 11. Qc2 Qa5 12. Bd2 Rac8 13. a3 Bxc3 14. Qxc3 Qc7 15. Bg5 Ne7 16. Qd2 Bc6 17. Ne5 Ng6 18. Nxg6 hxg6 19. c5 Ne4 20. Bxe4 dxe4 21. Bf4 Qd7 22. Bd6 Rfd8 23. Re3 f6 24. Rae1 Bd5 25. Kh1 b6 26. Qc1 Qb5 27. Qd1 bxc5 28. dxc5 Qb7 29. Kg1 e5 30. b4 Kf7 31. Qd2 a6 32. Rd1 Ke6 33. Rg3 g5 34. Re3 Rh8 35. Rde1 Kf7 36. Rd1 Ke6 37. a4 Rh7 38. b5 axb5 39. axb5 Rch8 40. h3 g4 41. Qe2 Rh4 42. c6 Qb6 43. Ba3 Rd8 44. g3 Rhh8 45. Qxg4+ Kf7 46. Be7 Kxe7 47. Rxd5 Rxd5 48. Qxg7+ 1-0

[Event "IECG CP.1999.P.00027"]
[Site "IECG email"]
[Date "1999.10.01"]
[Round "?"]
[White "Kulvietis, Marijus"]
[Black "Pljusnin, Victor"]
[Result "1-0"]
[WhiteElo "1998"]
[BlackElo "1900"]
[PlyCount "57"]
[EventDate "1999.10.01"]
[EventType "tourn (corr)"]
[EventRounds "6"]
[EventCountry "ESP"]
[SourceTitle "Corr 2008"]
[Source "ChessBase"]
[SourceDate "2008.06.24"]
[SourceVersion "1"]
[SourceVersionDate "2008.06.24"]
[SourceQuality "1"]

1. Nf3 d5 2. c4 dxc4 3. Na3 Nf6 4. Nxc4 e6 5. g3 b5 6. Nce5 Bb7 7. Bg2 Nbd7 8. Nxf7 Kxf7 9. Ng5+ Kg6 10. Bxb7 Kxg5 11. Qc2 Kh5 12. Bf3+ Kh6 13. d4+ g5 14. h4 Bb4+ 15. Kf1 Kg7 16. hxg5 Nd5 17. Qe4 Qe7 18. Rh6 N5b6 19. Rxe6 Qf7 20. d5 a5 21. Be3 Rhe8 22. Bd4+ Kf8 23. Qh4 Rxe6 24. dxe6 Qxe6 25. Qxh7 Rb8 26. g6 Qg8 27. Rd1 Bd6 28. g7+ Ke7 29. Qh4+ 1-0

[Event "IECG L1.1999.0.00006 email"]
[Site "IECG email"]
[Date "1999.09.29"]
[Round "?"]
[White "Green, Peter"]
[Black "Pljusnin, Victor"]
[Result "1-0"]
[WhiteElo "1977"]
[BlackElo "1900"]
[PlyCount "63"]
[EventDate "1999.09.29"]
[EventType "tourn (corr)"]
[EventRounds "13"]
[SourceTitle "Corr 2008"]
[Source "ChessBase"]
[SourceDate "2008.06.24"]
[SourceVersion "1"]
[SourceVersionDate "2008.06.24"]
[SourceQuality "1"]

1. e4 c6 2. d4 d5 3. Nc3 dxe4 4. Nxe4 Nf6 5. Nxf6+ gxf6 6. c3 Bf5 7. Nf3 e6 8. g3 Bd6 9. Bg2 Qc7 10. Be3 Nd7 11. Nh4 Bg6 12. Nxg6 hxg6 13. Qa4 Nb6 14. Qb3 0-0-0 15. 0-0-0 Kb8 16. c4 c5 17. Kb1 Nd7 18. f4 cxd4 19. Bxd4 Bc5 20. Bc3 Rhe8 21. h4 e5 22. h5 exf4 23. gxf4 Re2 24. Bd5 Bb6 25. Bxf7 Qxf4 26. hxg6 Qe4+ 27. Ka1 Qg4 28. c5 Bxc5 29. Bxf6 Rc8 30. Bd5 Qb4 31. Bc3 Qxb3 32. Bxb3 1-0

[Event "IECG L1.1999.0.00006 email"]
[Site "IECG email"]
[Date "1999.09.29"]
[Round "?"]
[White "Pljusnin, Victor"]
[Black "Kinkelin, Christian"]
[Result "0-1"]
[WhiteElo "1900"]
[BlackElo "1822"]
[PlyCount "70"]
[EventDate "1999.09.29"]
[EventType "tourn (corr)"]
[EventRounds "13"]
[SourceTitle "Corr 2008"]
[Source "ChessBase"]
[SourceDate "2008.06.24"]
[SourceVersion "1"]
[SourceVersionDate "2008.06.24"]
[SourceQuality "1"]

1. e4 e6 2. d4 d5 3. Nc3 Bb4 4. e5 c5 5. a3 Bxc3+ 6. bxc3 Ne7 7. Qg4 Kf8 8. h4 Qa5 9. Bd2 Qa4 10. Kd1 b6 11. h5 h6 12. Nf3 Ba6 13. Bxa6 Nxa6 14. Qf4 Rc8 15. g4 Qc4 16. g5 hxg5 17. Qxg5 Nf5 18. Rg1 Rh7 19. Nh4 Nxh4 20. Qxh4 cxd4 21. cxd4 Qxc2+ 22. Ke1 Qb2 23. Ke2 Qb5+ 24. Ke1 Ke8 25. Rg3 Qb2 26. Rd1 Rc4 27. Be3 Qc3+ 28. Kf1 Qb3 29. Re1 Nc5 30. h6 g6 31. Qf6 Ne4 32. Bg5 Nxg3+ 33. fxg3 Qd3+ 34. Kg2 Rc2+ 35. Kh1 Rxh6+ 0-1